Encuesta empresarial y estudio económico de la industria de la construcción /
Պահպանված է:
| Հիմնական հեղինակ: | |
|---|---|
| Այլ հեղինակներ: | |
| Ձևաչափ: | Տեքստ |
| Հրապարակվել է: |
San José:
Casa Presidencial. Oficina de Información
|
| Ցուցիչներ: |
Ավելացրեք ցուցիչ
Չկան պիտակներ, Եղեք առաջինը, ով նշում է այս գրառումը!
|
MARC
| LEADER | 00000 a a2200000 04500 | ||
|---|---|---|---|
| 001 | 15358 | ||
| 003 | |||
| 040 | |||
| 090 | |a 024000 | ||
| 100 | |a Vega Carballo, José Luis | ||
| 245 | |a Encuesta empresarial y estudio económico de la industria de la construcción / |c José Luis Vega Carballo | ||
| 260 | |a San José: |b Casa Presidencial. Oficina de Información | ||
| 300 | |a 64 p. | ||
| 700 | |a Murillo Monge, Miguel A. | ||
| 999 | |c 1434 |d 1434 | ||
